Library Logo

Pioneer International University Library Catalogue

My Favorite KJV Verses: (Record no. 9746)

MARC details
000 -LEADER
fixed length control field 00539nam a22001577a 4500
003 - CONTROL NUMBER IDENTIFIER
control field OSt
005 - DATE AND TIME OF LATEST TRANSACTION
control field 20251030090600.0
008 - FIXED-LENGTH DATA ELEMENTS--GENERAL INFORMATION
fixed length control field 251030b |||||||| |||| 00| 0 eng d
020 ## - INTERNATIONAL STANDARD BOOK NUMBER
International Standard Book Number 978-1-4321-1598-2
040 ## - CATALOGING SOURCE
Transcribing agency Christian Art Publishers
050 ## - LIBRARY OF CONGRESS CALL NUMBER
Classification number BS 391.M9 2016
Item number M9 2016
245 ## - TITLE STATEMENT
Title My Favorite KJV Verses:
Remainder of title Inspiration and Encouragement from God's Word/
Statement of responsibility, etc. Christian Art Publishers
260 ## - PUBLICATION, DISTRIBUTION, ETC.
Place of publication, distribution, etc. Vereeniging, 1930, RSA
Name of publisher, distributor, etc. Christian Art Publishers
Date of publication, distribution, etc. 2016
300 ## - PHYSICAL DESCRIPTION
Other physical details Hardcover, Col, Ill
Dimensions 28cm
Accompanying material Null
942 ## - ADDED ENTRY ELEMENTS (KOHA)
Source of classification or shelving scheme Library of Congress Classification
Koha item type Books
Edition 1st Edition
Suppress in OPAC No

No items available.